000 00339nam a2200157Ia 4500
003 0STCL
008 150530s9999 xx 000 0 und d
040 _aSTCL
_cSTCL
100 _aEllery Queen
245 _aAmerican gun mystery
260 _c1946
546 _aEnglish
942 _2ddc
_cBK
999 _c67784
_d67784
005 20220125171349.0